[Event "Collado Villalba op 30th"]
[Site "Collado Villalba"]
[Date "2013.08.27"]
[Round "5"]
[White "Roa Alonso, Santiago"]
[Black "Cano Cabanillas, Javier"]
[Result "1-0"]
[WhiteElo "2402"]
[BlackElo "2012"]
[PlyCount "49"]
[EventDate "2013.08.23"]
[EventType "swiss"]
[EventRounds "9"]
[EventCountry "ESP"]
[SourceTitle "CBM 156 Extra"]
[Source "ChessBase"]
[SourceDate "2013.10.22"]
[SourceVersion "1"]
[SourceVersionDate "2013.10.22"]
[SourceQuality "1"]

1. e4 e6 2. d4 d5 3. Nc3 Bb4 4. e5 c5 5. a3 Bxc3+ 6. bxc3 Ne7 7. a4 Qc7 8. Nf3 h6 9. Bd3 b6 10. 0-0 Ba6 11. Ba3 Bxd3 12. cxd3 cxd4 13. Nxd4 a6 14. Bd6 Qxc3 15. Qg4 Qxd3 16. Nxe6 fxe6 17. Bxe7 Qf5 18. Qxg7 Rh7 19. Qg8+ Kxe7 20. Rac1 Nd7 21. Qxa8 Rg7 22. f4 Qe4 23. Rf2 Rxg2+ 24. Rxg2 Qe3+ 25. Kh1 1-0

[Event "Collado Villalba op 30th"]
[Site "Collado Villalba"]
[Date "2013.08.26"]
[Round "4"]
[White "Longa Yauca, Javier"]
[Black "Cano Cabanillas, Javier"]
[Result "0-1"]
[WhiteElo "2284"]
[BlackElo "2012"]
[PlyCount "104"]
[EventDate "2013.08.23"]
[EventType "swiss"]
[EventRounds "9"]
[EventCountry "ESP"]
[SourceTitle "CBM 156 Extra"]
[Source "ChessBase"]
[SourceDate "2013.10.22"]
[SourceVersion "1"]
[SourceVersionDate "2013.10.22"]
[SourceQuality "1"]

1. d4 Nf6 2. Nf3 g6 3. c4 Bg7 4. Nc3 d5 5. Qb3 dxc4 6. Qxc4 0-0 7. Bf4 Na6 8. e4 c5 9. d5 Qa5 10. Bd2 Qb4 11. Bd3 Rd8 12. 0-0 Ng4 13. Bf4 Qxb2 14. e5 Qb4 15. h3 Nh6 16. g4 b6 17. a3 Qxc4 18. Bxc4 Nc7 19. Rad1 Ba6 20. Bxa6 Nxa6 21. Nb5 Rd7 22. Ng5 Bxe5 23. Bxe5 f6 24. Nf3 fxe5 25. Nxe5 Rb7 26. Rfe1 Nf7 27. Nc6 Kf8 28. Rd3 Rd7 29. Rf3 Kg7 30. Nxe7 Nc7 31. Nxc7 Rxc7 32. Nc6 Rf8 33. Rfe3 Nd6 34. Re6 Nb5 35. Rd1 Rf6 36. Re3 Rd6 37. a4 Nc3 38. Rxc3 Rcxc6 39. Kg2 Rc7 40. f4 Rcd7 41. Rcd3 Kf6 42. Kf3 Re7 43. Re3 Red7 44. Re5 a6 45. Ke4 b5 46. f5 gxf5+ 47. gxf5 Re7 48. Re6+ Kf7 49. Ke5 Rb6 50. f6 Rexe6+ 51. dxe6+ Rxe6+ 52. Kd5 c4 0-1

[Event "Mislata op-A 47th"]
[Site "Mislata"]
[Date "2013.08.16"]
[Round "7"]
[White "Cano Cabanillas, Javier"]
[Black "Nieves Cabanes, Jose Manuel"]
[Result "1/2-1/2"]
[WhiteElo "2010"]
[BlackElo "2048"]
[PlyCount "49"]
[EventDate "2013.08.12"]
[EventType "swiss"]
[EventRounds "9"]
[EventCountry "ESP"]
[SourceTitle "EXT 2024"]
[Source "ChessBase"]
[SourceDate "2023.10.10"]
[SourceVersion "1"]
[SourceVersionDate "2023.10.10"]
[SourceQuality "1"]

1. e4 c6 2. d4 d5 3. Nc3 dxe4 4. Nxe4 Bf5 5. Ng3 Bg6 6. h4 h6 7. Nf3 Nd7 8. h5 Bh7 9. Bd3 Bxd3 10. Qxd3 Ngf6 11. Bd2 e6 12. 0-0-0 Bd6 13. Ne4 Nxe4 14. Qxe4 Nf6 15. Qe2 Qc7 16. g3 0-0-0 17. c4 c5 18. Bc3 cxd4 19. Nxd4 a6 20. Kb1 Kb8 21. Nf3 Ka8 22. Ne5 Rhf8 23. Rh4 Bc5 24. Rhh1 Rc8 25. f4 1/2-1/2

[Event "Mislata op-A 47th"]
[Site "Mislata"]
[Date "2013.08.13"]
[Round "2"]
[White "Rebole Arbea, Jose Ignacio"]
[Black "Cano Cabanillas, Javier"]
[Result "0-1"]
[WhiteElo "2187"]
[BlackElo "2010"]
[PlyCount "120"]
[EventDate "2013.08.12"]
[EventType "swiss"]
[EventRounds "9"]
[EventCountry "ESP"]
[SourceTitle "EXT 2024"]
[Source "ChessBase"]
[SourceDate "2023.10.10"]
[SourceVersion "1"]
[SourceVersionDate "2023.10.10"]
[SourceQuality "1"]

1. g3 Nf6 2. Bg2 d5 3. c4 g6 4. cxd5 Nxd5 5. Qb3 Nb6 6. Qc3 f6 7. h4 Kf7 8. h5 Bg7 9. h6 Bf8 10. Nf3 Nc6 11. Ng5+ Ke8 12. Ne4 Qd4 13. Na3 a6 14. Nc5 Qd6 15. Ne4 Qd4 16. Qxd4 Nxd4 17. e3 Nf5 18. Nc5 c6 19. Bh3 e5 20. Ne4 Kf7 21. b3 Nxh6 22. Bb2 Bxh3 23. Rxh3 Nf5 24. f4 exf4 25. gxf4 Re8 26. Nf2 Nd6 27. Nc2 Bg7 28. 0-0-0 f5 29. Nd4 c5 30. Nf3 Bxb2+ 31. Kxb2 Nd7 32. Rdh1 Kg7 33. R3h2 h6 34. Rg2 Kf6 35. Rhg1 Rhg8 36. Rh1 Rh8 37. Rhg1 Rhg8 38. a3 b5 39. Nd3 Nf7 40. Nc1 g5 41. Ne2 g4 42. Nh4 Nd6 43. Ng3 c4 44. b4 Nb6 45. Rh2 Na4+ 46. Kc2 c3 47. Ng2 cxd2 48. Rxh6+ Rg6 49. Rxg6+ Kxg6 50. Kxd2 Nc4+ 51. Kd3 Rd8+ 52. Ke2 Nxa3 53. Nh4+ Kf6 54. Nhxf5 Nc3+ 55. Kf2 Ne4+ 56. Ke2 Rd2+ 57. Kf1 Rf2+ 58. Ke1 Nc2+ 59. Kd1 Rd2+ 60. Kc1 Nxb4 0-1

[Event "Mislata op-A 47th"]
[Site "Mislata"]
[Date "2013.08.12"]
[Round "1"]
[White "Cano Cabanillas, Javier"]
[Black "Mingarro Carceller, Sergi"]
[Result "1-0"]
[WhiteElo "2010"]
[BlackElo "2195"]
[PlyCount "161"]
[EventDate "2013.08.12"]
[EventType "swiss"]
[EventRounds "9"]
[EventCountry "ESP"]
[SourceTitle "EXT 2024"]
[Source "ChessBase"]
[SourceDate "2023.10.10"]
[SourceVersion "1"]
[SourceVersionDate "2023.10.10"]
[SourceQuality "1"]

1. e4 g6 2. d4 Bg7 3. Nc3 d6 4. Be3 a6 5. a4 b6 6. g3 Nd7 7. Bg2 e6 8. Nge2 Ne7 9. Qd2 h6 10. 0-0 Bb7 11. f4 c5 12. dxc5 dxc5 13. Rad1 Qc7 14. g4 0-0-0 15. Qd6 Nf6 16. Qxc7+ Kxc7 17. h3 Nc6 18. e5 Rxd1 19. Rxd1 Nd7 20. Ne4 Nb4 21. a5 Bxe4 22. axb6+ Nxb6 23. Bxe4 Nd7 24. Ra1 g5 25. c3 Nc6 26. Rxa6 Ndb8 27. Ra4 gxf4 28. Bxf4 Bxe5 29. Ra7+ Kd6 30. Rxf7 Bxf4 31. Nxf4 Nd8 32. Ra7 Rg8 33. Nh5 Ke5 34. Bc2 Nbc6 35. Rh7 Na5 36. Rxh6 Nc4 37. b3 Ne3 38. Bd3 Nd5 39. c4 Nb4 40. Bf1 Ndc6 41. Ng3 Nd4 42. Rh5+ Kf4 43. Ne2+ Kf3 44. Nc1 Rc8 45. Re5 Kf4 46. Rh5 Nbc2 47. Nd3+ Kg3 48. Nxc5 Nf3+ 49. Kh1 Ne3 50. Be2 Ra8 51. Ne4+ Kf4 52. Bxf3 Ra1+ 53. Kh2 Kxf3 54. Nd2+ Ke2 55. Ne4 Kf3 56. Nd2+ Kf4 57. Rh8 Rd1 58. Rf8+ Ke5 59. Nf3+ Ke4 60. Ng5+ Ke5 61. Rf2 Rb1 62. Nf3+ Kd6 63. Rd2+ Ke7 64. Rd3 Nc2 65. h4 Nb4 66. Rc3 Na2 67. Re3 Nc1 68. h5 Nxb3 69. g5 Nc5 70. Ne5 Kf8 71. h6 Kg8 72. g6 Rb2+ 73. Kg3 Rb1 74. Ra3 Rb8 75. Ra7 Ne4+ 76. Kf4 Nd6 77. Rg7+ Kh8 78. Nf7+ Nxf7 79. Rxf7 Rc8 80. Kg5 e5 81. g7+ 1-0

[Event "Tres Cantos op 5th"]
[Site "Tres Cantos"]
[Date "2013.06.21"]
[Round "1"]
[White "Fernandez Munoz, Jesus Norberto"]
[Black "Cano Cabanillas, Javier"]
[Result "0-1"]
[WhiteElo "1439"]
[BlackElo "1991"]
[PlyCount "34"]
[EventDate "2013.06.21"]
[EventType "swiss"]
[EventRounds "9"]
[EventCountry "ESP"]
[SourceTitle "EXT 2014"]
[Source "ChessBase"]
[SourceDate "2013.11.20"]
[SourceVersion "1"]
[SourceVersionDate "2013.11.20"]
[SourceQuality "1"]

1. e4 e6 2. f4 d5 3. Qf3 dxe4 4. Qxe4 Nf6 5. Qf3 Bc5 6. Nc3 Nc6 7. Bb5 Bd7 8. Bxc6 Bxc6 9. Qe2 0-0 10. d3 Re8 11. Bd2 e5 12. f5 e4 13. 0-0-0 exd3 14. Qf1 dxc2 15. Kxc2 Nd5 16. Nce2 Nb4+ 17. Kb1 Qd3+ 0-1

[Event "Madrid-ch Previa-B"]
[Site "Madrid"]
[Date "2013.02.22"]
[Round "8"]
[White "Cano Cabanillas, Javier"]
[Black "Marcos Herrero, Francisco"]
[Result "1/2-1/2"]
[WhiteElo "1985"]
[BlackElo "1895"]
[PlyCount "47"]
[EventDate "2013.02.01"]
[EventType "swiss"]
[EventRounds "9"]
[EventCountry "ESP"]
[SourceTitle "CBM 152 Extra"]
[Source "ChessBase"]
[SourceDate "2013.02.25"]
[SourceVersion "1"]
[SourceVersionDate "2013.02.25"]
[SourceQuality "1"]

1. e4 c5 2. Nf3 d6 3. d4 Nf6 4. Nc3 cxd4 5. Nxd4 g6 6. Be3 Bg7 7. f3 Nc6 8. Bc4 Bd7 9. Qd2 0-0 10. 0-0-0 Rc8 11. Bb3 Ne5 12. Kb1 Nc4 13. Bxc4 Rxc4 14. g4 b5 15. b3 b4 16. Nd5 Nxd5 17. exd5 Rc5 18. Bh6 Bxh6 19. Qxh6 Rxd5 20. h4 f6 21. h5 g5 22. f4 Qb6 23. fxg5 Rxg5 24. Nf3 1/2-1/2

[Event "Navalmoral op 18th"]
[Site "Navalmoral"]
[Date "2012.12.06"]
[Round "3"]
[White "Cano Cabanillas, Javier"]
[Black "Anton Guijarro, David"]
[Result "0-1"]
[WhiteElo "1986"]
[BlackElo "2558"]
[PlyCount "50"]
[EventDate "2012.12.05"]
[EventType "swiss"]
[EventRounds "9"]
[EventCountry "ESP"]
[SourceTitle "CBM 151 Extra"]
[Source "ChessBase"]
[SourceDate "2012.12.18"]
[SourceVersion "1"]
[SourceVersionDate "2012.12.18"]
[SourceQuality "1"]

1. e4 g6 2. d4 Bg7 3. Nc3 c6 4. Be3 d5 5. exd5 cxd5 6. Bd3 Nc6 7. Nge2 Nf6 8. f3 0-0 9. a3 a6 10. Qd2 Re8 11. 0-0 b5 12. Na2 e5 13. dxe5 Nxe5 14. Nd4 Neg4 15. fxg4 Nxg4 16. Bf2 Bh6 17. Qd1 Bf4 18. Qf3 Bxh2+ 19. Kh1 Be5 20. Nc6 Qg5 21. Bg3 Bf6 22. Ne5 Rxe5 23. Qf4 Qxf4 24. Rxf4 Rh5+ 25. Kg1 Be5 0-1

[Event "Madrid San Viator op 19th"]
[Site "Madrid"]
[Date "2012.10.28"]
[Round "6"]
[White "Bote Alvarez Carrasco, Valentin"]
[Black "Cano Cabanillas, Javier"]
[Result "1/2-1/2"]
[WhiteElo "2130"]
[BlackElo "2027"]
[PlyCount "64"]
[EventDate "2012.09.23"]
[EventType "swiss"]
[EventRounds "9"]
[EventCountry "ESP"]
[SourceTitle "EXT 2013"]
[Source "ChessBase"]
[SourceDate "2012.11.22"]
[SourceVersion "1"]
[SourceVersionDate "2012.11.22"]
[SourceQuality "1"]

1. c4 Nf6 2. Nc3 d5 3. cxd5 Nxd5 4. Nf3 g6 5. Qa4+ Nc6 6. Ne5 Qd6 7. Nxc6 Qxc6 8. Qxc6+ bxc6 9. g3 Bg7 10. Bg2 Be6 11. b3 0-0-0 12. Bb2 Nxc3 13. Bxc3 Bxc3 14. dxc3 Rd6 15. Rd1 Rhd8 16. Rxd6 Rxd6 17. h4 c5 18. h5 Ra6 19. hxg6 hxg6 20. Rh4 c6 21. Rh8+ Kd7 22. Rb8 Rxa2 23. Be4 Kc7 24. Re8 Kd7 25. Rb8 Kc7 26. Re8 Bxb3 27. Rxe7+ Kd6 28. Rb7 Bc4 29. Bd3 Be6 30. Kd1 Bd5 31. f4 Ra1+ 32. Kd2 Ra2+ 1/2-1/2

[Event "Madrid San Viator op 19th"]
[Site "Madrid"]
[Date "2012.09.30"]
[Round "2"]
[White "Cazorla Munoz, Francisco"]
[Black "Cano Cabanillas, Javier"]
[Result "0-1"]
[WhiteElo "1764"]
[BlackElo "2027"]
[PlyCount "152"]
[EventDate "2012.09.23"]
[EventType "swiss"]
[EventRounds "9"]
[EventCountry "ESP"]
[SourceTitle "EXT 2013"]
[Source "ChessBase"]
[SourceDate "2012.11.22"]
[SourceVersion "1"]
[SourceVersionDate "2012.11.22"]
[SourceQuality "1"]

1. e4 e6 2. d4 d5 3. e5 c5 4. Nf3 Nc6 5. c3 Qb6 6. a4 cxd4 7. Bb5 dxc3 8. Nxc3 Bb4 9. 0-0 a6 10. Be3 Qc7 11. Bxc6+ bxc6 12. Rc1 Ne7 13. Na2 Ba5 14. Bc5 Bb7 15. Qe2 Bb6 16. Bd6 Qd7 17. b4 Nf5 18. Bc5 Bxc5 19. Rxc5 0-0 20. a5 Rad8 21. g4 Ne7 22. Nd4 f6 23. h3 Ng6 24. exf6 Rxf6 25. g5 Nf4 26. Qg4 Rff8 27. Nc1 e5 28. Qxd7 Rxd7 29. Nxc6 Nxh3+ 30. Kg2 Nxf2 31. Rg1 Ne4 32. Nxe5 Nxc5 33. bxc5 Re7 34. Ncd3 Rc8 35. Rb1 Bc6 36. Rb6 Bb5 37. Rd6 Bxd3 38. Nxd3 Re2+ 39. Kg1 d4 40. Rxd4 Ra2 41. Rd6 Rxa5 42. Kf2 Raxc5 43. Nxc5 Rxc5 44. g6 hxg6 45. Rxg6 Ra5 46. Ke3 Kh7 47. Rc6 Ra4 48. Kf3 g6 49. Kg3 Kh6 50. Rd6 a5 51. Rc6 Kh5 52. Rc5+ g5 53. Kh3 Ra3+ 54. Kg2 Kh4 55. Rc1 a4 56. Rh1+ Kg4 57. Rc1 Ra2+ 58. Kf1 Kg3 59. Rc3+ Kh2 60. Rc4 Rg2 61. Rxa4 g4 62. Ra7 Rg1+ 63. Ke2 g3 64. Rh7+ Kg2 65. Rf7 Rh1 66. Rf6 Rh8 67. Rf7 Re8+ 68. Kd2 Kg1 69. Rf6 g2 70. Rh6 Re5 71. Rh7 Kf2 72. Rf7+ Kg3 73. Rg7+ Kf3 74. Rf7+ Kg4 75. Ra7 Kf3 76. Ra3+ Kf2 0-1

[Event "Madrid Chamartin op 1st"]
[Site "Madrid"]
[Date "2012.09.14"]
[Round "8"]
[White "Cano Cabanillas, Javier"]
[Black "Largo Barbero, Benito"]
[Result "1-0"]
[WhiteElo "2027"]
[BlackElo "1885"]
[PlyCount "93"]
[EventDate "2012.09.09"]
[EventType "swiss"]
[EventRounds "9"]
[EventCountry "ESP"]
[SourceTitle "CBM 150 Extra"]
[Source "ChessBase"]
[SourceDate "2012.10.19"]
[SourceVersion "1"]
[SourceVersionDate "2012.10.19"]
[SourceQuality "1"]

1. e4 g6 2. d4 Bg7 3. Nc3 d6 4. Be3 a6 5. a4 Nd7 6. Nge2 b6 7. g3 Rb8 8. Bg2 c5 9. 0-0 Bb7 10. h3 h5 11. Qd2 e6 12. f4 Ne7 13. Rae1 f5 14. dxc5 dxc5 15. Qd6 Kf7 16. Rd1 Nf6 17. exf5 Nxf5 18. Qxd8 Rhxd8 19. Bf2 Bxg2 20. Kxg2 Nd5 21. Nxd5 exd5 22. b3 Rb7 23. g4 hxg4 24. hxg4 Nh6 25. Kf3 d4 26. Nc1 Re8 27. Nd3 Rbe7 28. Rfe1 Ng8 29. Rxe7+ Rxe7 30. Re1 Rxe1 31. Bxe1 a5 32. Bh4 Bf6 33. Bxf6 Nxf6 34. Ne5+ Kg7 35. Nc4 Nd5 36. Ke4 Nf6+ 37. Kf3 Nd5 38. g5 Kf7 39. Ne5+ Kg7 40. Nd7 Kf7 41. Ke4 Nc7 42. Nxb6 Ke6 43. Nc4 Nd5 44. Nxa5 Nb4 45. Nb7 Nxc2 46. Nxc5+ Kd6 47. Nd3 1-0

[Event "Madrid Chamartin op 1st"]
[Site "Madrid"]
[Date "2012.09.13"]
[Round "6"]
[White "Cano Cabanillas, Javier"]
[Black "Gomez Feria, Jose Maria"]
[Result "1/2-1/2"]
[WhiteElo "2027"]
[BlackElo "1930"]
[PlyCount "65"]
[EventDate "2012.09.09"]
[EventType "swiss"]
[EventRounds "9"]
[EventCountry "ESP"]
[SourceTitle "CBM 150 Extra"]
[Source "ChessBase"]
[SourceDate "2012.10.19"]
[SourceVersion "1"]
[SourceVersionDate "2012.10.19"]
[SourceQuality "1"]

1. e4 c5 2. Nf3 e6 3. d4 cxd4 4. Nxd4 Nc6 5. Nc3 Nf6 6. Ndb5 d6 7. Bf4 e5 8. Bg5 a6 9. Na3 h6 10. Bxf6 Qxf6 11. Nd5 Qd8 12. Nc4 Be6 13. Nce3 Be7 14. Nxe7 Qxe7 15. c3 0-0 16. Bc4 Bxc4 17. Nxc4 Rad8 18. Ne3 Qe6 19. 0-0 Ne7 20. c4 Nc6 21. Qd5 Rfe8 22. Nf5 Qxd5 23. cxd5 Ne7 24. Nxe7+ Rxe7 25. Rac1 Rdd7 26. Rc8+ Kh7 27. Rfc1 Kg6 28. R1c3 f6 29. Kf1 Rf7 30. g4 Kg5 31. f3 Kf4 32. Kf2 Rfe7 33. Rc2 1/2-1/2

[Event "Madrid Chamartin op 1st"]
[Site "Madrid"]
[Date "2012.09.13"]
[Round "7"]
[White "Noval Toldos, Francisco Javier"]
[Black "Cano Cabanillas, Javier"]
[Result "1/2-1/2"]
[WhiteElo "1956"]
[BlackElo "2027"]
[PlyCount "60"]
[EventDate "2012.09.09"]
[EventType "swiss"]
[EventRounds "9"]
[EventCountry "ESP"]
[SourceTitle "CBM 150 Extra"]
[Source "ChessBase"]
[SourceDate "2012.10.19"]
[SourceVersion "1"]
[SourceVersionDate "2012.10.19"]
[SourceQuality "1"]

1. d4 Nf6 2. c4 g6 3. Nf3 Bg7 4. g3 d5 5. Bg2 dxc4 6. Qa4+ Nfd7 7. 0-0 Nc6 8. Rd1 Nb6 9. Qb5 0-0 10. Be3 a6 11. Qc5 Be6 12. Nc3 Nd5 13. Rac1 Ncb4 14. Nxd5 Nxd5 15. Ne5 Nxe3 16. fxe3 c6 17. Nxc4 Bxc4 18. Qxc4 Bh6 19. Rd3 e6 20. Rf1 Qc7 21. e4 Rad8 22. e5 Rd7 23. b4 Qd8 24. Rfd1 Qc7 25. Kf2 Rfd8 26. e3 Qb6 27. Qc5 Qc7 28. Ke2 Bf8 29. Qc4 Qb6 30. a3 Be7 1/2-1/2

[Event "Cullera op-A 29th"]
[Site "Cullera"]
[Date "2012.08.29"]
[Round "6"]
[White "Cano Cabanillas, Javier"]
[Black "Machin Arbelo, Pedro Alexis"]
[Result "0-1"]
[WhiteElo "2020"]
[BlackElo "2084"]
[PlyCount "50"]
[EventDate "2012.08.25"]
[EventType "swiss"]
[EventRounds "9"]
[EventCountry "ESP"]
[SourceTitle "CBM 150 Extra"]
[Source "ChessBase"]
[SourceDate "2012.10.19"]
[SourceVersion "1"]
[SourceVersionDate "2012.10.19"]
[SourceQuality "1"]

1. e4 c5 2. Nf3 e6 3. d4 cxd4 4. Nxd4 Nf6 5. Nc3 Bb4 6. e5 Nd5 7. Bd2 Bxc3 8. bxc3 0-0 9. Bd3 d6 10. exd6 Qxd6 11. 0-0 f5 12. Nb5 Qc5 13. c4 a6 14. cxd5 axb5 15. dxe6 Bxe6 16. Qe1 Qd5 17. a3 Bd7 18. Qb1 Bc6 19. f3 Rf6 20. Kh1 Nd7 21. Bc3 Ne5 22. Be2 Rh6 23. Rd1 Qc5 24. Bd4 Qd6 25. Be3 Nxf3 0-1

[Event "Madrid Codes op 6th"]
[Site "Madrid"]
[Date "2012.04.15"]
[Round "1.2"]
[White "Rodriguez Lopez, Canizares Francisco"]
[Black "Cano Cabanillas, Javier"]
[Result "0-1"]
[WhiteElo "1644"]
[BlackElo "2016"]
[PlyCount "52"]
[EventDate "2012.04.15"]
[EventType "swiss"]
[EventRounds "9"]
[EventCountry "ESP"]
[SourceTitle "EXT 2024"]
[Source "ChessBase"]
[SourceDate "2023.10.10"]
[SourceVersion "1"]
[SourceVersionDate "2023.10.10"]
[SourceQuality "1"]

1. e4 e6 2. d4 d5 3. Nc3 Nf6 4. Bg5 Bb4 5. e5 h6 6. exf6 hxg5 7. fxg7 Rg8 8. Qh5 Qf6 9. Nf3 Qxg7 10. Bd3 Nc6 11. Qh7 Qxh7 12. Bxh7 Rg7 13. Bd3 g4 14. Nd2 Nxd4 15. Nb5 Nxb5 16. Bxb5+ Bd7 17. Bxd7+ Kxd7 18. 0-0-0 Rh8 19. h4 g3 20. f3 Be7 21. h5 Rg5 22. Ne4 Rgxh5 23. Nxg3 Rxh1 24. Rxh1 Rg8 25. Rh3 Bd6 26. f4 Bxf4+ 0-1

[Event "Madrid-ch sf-B"]
[Site "Madrid"]
[Date "2012.03.24"]
[Round "3"]
[White "Cano Cabanillas, Javier"]
[Black "Sebastian Enesco, Alex"]
[Result "1-0"]
[WhiteElo "2016"]
[BlackElo "1783"]
[PlyCount "119"]
[EventDate "2012.03.22"]
[EventType "swiss"]
[EventRounds "9"]
[EventCountry "ESP"]
[SourceTitle "EXT 2013"]
[Source "ChessBase"]
[SourceDate "2012.11.22"]
[SourceVersion "1"]
[SourceVersionDate "2012.11.22"]
[SourceQuality "1"]

1. e4 d5 2. exd5 Nf6 3. Nf3 Nxd5 4. d4 Bg4 5. Be2 e6 6. 0-0 Be7 7. c4 Nb6 8. Nc3 N8d7 9. c5 Nd5 10. Nxd5 exd5 11. Qb3 b6 12. Qxd5 bxc5 13. dxc5 0-0 14. Qe4 Nf6 15. Qc4 Be6 16. Qc2 Qd5 17. Be3 Ng4 18. Bd4 Bf6 19. Rfd1 Bf5 20. Qc3 Qe4 21. Bd3 Qf4 22. Bxf5 Qxf5 23. h3 Bxd4 24. Rxd4 Nf6 25. Re1 h6 26. b4 Rfb8 27. Qc4 c6 28. Ne5 Re8 29. Qxf7+ Kh7 30. Rg4 Rg8 31. Ng6 Qc2 32. Rg3 Nh5 33. Ne7 Nxg3 34. Nxg8 Ne2+ 35. Kf1 Rxg8 36. Rxe2 Qb1+ 37. Re1 Qxb4 38. Qxa7 Rf8 39. Qe7 Qf4 40. Qe4+ Qxe4 41. Rxe4 Ra8 42. a4 Kg6 43. Ke2 Kf5 44. Rc4 Ke5 45. Kd3 Kd5 46. Kc3 Ra7 47. f4 Rf7 48. g4 g6 49. a5 Ra7 50. Ra4 Kxc5 51. a6 Kb6 52. Ra1 Kc5 53. f5 gxf5 54. gxf5 Kd5 55. Kb4 Kd6 56. f6 Kc7 57. f7 Ra8 58. a7 Kb7 59. Kc5 h5 60. h4 1-0

[Event "San Sebastian de los Reyes op 13th"]
[Site "San Sebastian"]
[Date "2011.12.08"]
[Round "7"]
[White "Vidaurre Vargas, Luis Alberto"]
[Black "Cano Cabanillas, Javier"]
[Result "1/2-1/2"]
[WhiteElo "1871"]
[BlackElo "1954"]
[PlyCount "116"]
[EventDate "2011.12.02"]
[EventType "swiss"]
[EventRounds "9"]
[EventCountry "ESP"]
[SourceTitle "CBM 145 Extra"]
[Source "ChessBase"]
[SourceDate "2012.01.03"]
[SourceVersion "1"]
[SourceVersionDate "2012.01.03"]
[SourceQuality "1"]

1. d4 Nf6 2. c4 g6 3. Nc3 d5 4. e3 Bg7 5. Nf3 0-0 6. Qb3 dxc4 7. Bxc4 e6 8. 0-0 Nc6 9. Bb5 Ne7 10. e4 a6 11. Be2 b6 12. Re1 Bb7 13. Bf1 Nc6 14. Bf4 Nh5 15. Be3 Nxd4 16. Bxd4 Bxd4 17. Rad1 c5 18. Na4 Rb8 19. Nxd4 cxd4 20. Qxb6 Qxb6 21. Nxb6 Bc6 22. Nc4 Rfd8 23. b3 Bb5 24. Na5 Bxf1 25. Kxf1 Rbc8 26. Nc4 Rc5 27. e5 Rcd5 28. g3 Ng7 29. g4 Ne8 30. Ke2 Nc7 31. a4 Nb5 32. axb5 axb5 33. Kd3 bxc4+ 34. bxc4 Rc5 35. f4 Kf8 36. Re4 Rc7 37. Rc1 Ra8 38. Rc2 Ra1 39. Rxd4 Ke7 40. c5 Rg1 41. g5 Ra1 42. Rd6 Ra3+ 43. Ke4 Ra5 44. c6 Ra4+ 45. Rd4 Ra6 46. Rdc4 Kd8 47. Rd4+ Ke7 48. Rd6 Ra4+ 49. Kf3 Ra3+ 50. Kg4 Ra6 51. Rc3 Rb6 52. h4 Rb1 53. Ra3 Rg1+ 54. Kf3 Rh1 55. Kg4 Rg1+ 56. Kf3 Rh1 57. Kg3 Rg1+ 58. Kf3 Rh1 1/2-1/2

[Event "San Sebastian de los Reyes op 13th"]
[Site "San Sebastian"]
[Date "2011.12.06"]
[Round "5"]
[White "Cano Cabanillas, Javier"]
[Black "Gonzalez Berrendero, Carlos"]
[Result "1-0"]
[WhiteElo "1954"]
[BlackElo "1761"]
[PlyCount "111"]
[EventDate "2011.12.02"]
[EventType "swiss"]
[EventRounds "9"]
[EventCountry "ESP"]
[SourceTitle "CBM 145 Extra"]
[Source "ChessBase"]
[SourceDate "2012.01.03"]
[SourceVersion "1"]
[SourceVersionDate "2012.01.03"]
[SourceQuality "1"]

1. e4 e6 2. d4 d5 3. Nd2 c5 4. exd5 exd5 5. Ngf3 Nf6 6. Be2 Nc6 7. 0-0 cxd4 8. Bb5 Bc5 9. Re1+ Be6 10. Nb3 Ne4 11. Nxc5 Nxc5 12. Bxc6+ bxc6 13. Qxd4 Ne4 14. Qxg7 Qf6 15. Qxf6 Nxf6 16. b3 Ne4 17. Nd4 Kd7 18. f3 Nd6 19. Bb2 Rhg8 20. Nxe6 fxe6 21. Re5 Nf5 22. Kf2 Rg6 23. g4 Nd6 24. a4 Rf8 25. Rh5 Ne4+ 26. Ke2 Ng5 27. h4 Nh3 28. Rxh7+ Kd6 29. Rxa7 Nf4+ 30. Kf2 e5 31. Ba3+ c5 32. Ra6+ Kd7 33. Rxg6 Nxg6 34. Bxc5 Rf7 35. Kg3 Nf4 36. Re1 Ne6 37. Ba3 Nd4 38. Rxe5 Rxf3+ 39. Kg2 Rf4 40. Rxd5+ Ke6 41. Rd6+ Ke5 42. Rg6 Ke4 43. h5 Nxc2 44. Bc5 Ne1+ 45. Kg3 Rf3+ 46. Kh4 Ng2+ 47. Kg5 Nf4 48. Rb6 Kd5 49. Rb5 Ke6 50. h6 Nh3+ 51. Kh4 Kf6 52. Bd4+ Kg6 53. Rb6+ Kh7 54. g5 Nf2 55. Rb7+ Kg6 56. Bxf2 1-0

[Event "San Sebastian de los Reyes op 13th"]
[Site "San Sebastian"]
[Date "2011.12.02"]
[Round "1"]
[White "Infante Martin, Alonso"]
[Black "Cano Cabanillas, Javier"]
[Result "0-1"]
[WhiteElo "1535"]
[BlackElo "1954"]
[PlyCount "128"]
[EventDate "2011.12.02"]
[EventType "swiss"]
[EventRounds "9"]
[EventCountry "ESP"]
[SourceTitle "CBM 145 Extra"]
[Source "ChessBase"]
[SourceDate "2012.01.03"]
[SourceVersion "1"]
[SourceVersionDate "2012.01.03"]
[SourceQuality "1"]

1. d4 Nf6 2. c4 g6 3. Nc3 d5 4. Nf3 Bg7 5. Bg5 Ne4 6. Bh4 Nxc3 7. bxc3 dxc4 8. Qa4+ Nd7 9. Qxc4 0-0 10. e3 Nb6 11. Qb3 Be6 12. c4 c5 13. Rd1 Qc7 14. Be2 Rfe8 15. Bg3 Qc8 16. 0-0 cxd4 17. Nxd4 Bxc4 18. Bxc4 Qxc4 19. Rc1 Qxb3 20. axb3 Bxd4 21. exd4 Nd5 22. Rfd1 Rac8 23. Rc4 e6 24. Rdc1 Nb6 25. Rc5 a6 26. Be5 Rxc5 27. Rxc5 Rc8 28. Kf1 Rxc5 29. dxc5 Nd5 30. g3 Kf8 31. Ke2 Ke7 32. Bb2 Kd7 33. Kd3 Kc6 34. Kc4 b5+ 35. cxb6 Nxb6+ 36. Kb4 Nd5+ 37. Kc4 h5 38. h4 a5 39. Ba3 Nf6 40. f3 Nd5 41. Bc1 Nb6+ 42. Kc3 Kb5 43. Bd2 Nd7 44. Kd4 Nc5 45. Kc3 a4 46. bxa4+ Nxa4+ 47. Kd4 Nb6 48. Bg5 Kc6 49. Ke4 Kd6 50. Bf4+ Ke7 51. Be3 Nd7 52. Bd4 f6 53. g4 e5 54. Be3 Ke6 55. gxh5 f5+ 56. Kd3 gxh5 57. f4 Kd5 58. fxe5 Nxe5+ 59. Ke2 Ke4 60. Bg5 Ng4 61. Kf1 Kf3 62. Bd2 Ne5 63. Bg5 Ng6 64. Kg1 Kg3 0-1